000 00730nam a2200241Ia 4500
003 OSt
005 20221006165231.0
006 a|||||r|||| 00| 0
007 ta
008 221006b |||||||| |||| 00| 0 hin d
024 _a7,668
037 _cTheseses
040 _aFML
_cFML
_bhin
041 _2hin
_ahin
100 _aSrivastava Shalini Au.
110 _aDelhi University. Faculty of Music and Fine Arts. Department of Music
245 0 _aChitrapat Sangeet Main Hindustani Shashtriya Sangeet Ki Prasangikta
260 _c2003
300 _a213
_ccm.
700 _aDelhi University. Faculty of Music and Fine Arts. Department of Music
942 _cDIS
_2CC
999 _c1120086
_d1120086